000 01017nam a22002651u 4500
001 12275
003 HDC
007 cr bn ---
008 210209p2003 my eng
040 _aHDC
100 _aRazali Mustaffa,
_eauthor
_912790
245 0 _aEffect of different post-harvest treatments on quality of minimally processed long bean (Vigna unguiculata var. Sesquipedalis) /
_cby Razali Mustaffa and Habsah Mohamad
260 _aSerdang :
_bMalaysian Agricultural Research and Development Institute (MARDI),
_c2003
300 _a2 pages
336 _atext
_2rdacontent
337 _acomputer
_2rdamedia
338 _aonline resource
_2rdacarrier
650 _aEthylene production
_912792
650 _aLong bean
_912791
650 _aMinimally processed
_912566
856 _zRequest full-text at [email protected]
942 _2lcc
942 _cAR
942 _kJART 003066
999 _c9598
_d9598